US States by Biggest County - Statistics

General Stats
  • This quiz has been taken 9 times
    5 since last reset
  • The average score is 6 of 50
Answers on the Map
Answers color-coded by a green-red scale on the quiz's map according to % correct below.
 
Answer Stats
State % Correct
Hawaii
60%
San Bernardino
60%
Cherry
40%
Collier
40%
St. Louis
40%
Allen
20%
Aroostook
20%
Ashtabula
20%
Brewster
20%
Charleston
20%
Coconino
20%
Coos
20%
Idaho
20%
Litchfield
20%
Marquette
20%
Nye
20%
Ocean
20%
Providence
20%
San Juan
20%
St. Lawrence
20%
Sussex
20%
Worcester
20%
Arkansas
0%
Baldwin
0%
Beaverhead
0%
Butler
0%
Catron
0%
Dorchester
0%
Harney
0%
Kossuth
0%
Las Animas
0%
Lycoming
0%
Marathon
0%
McKenzie
0%
McLean
0%
Meade
0%
Okanogan
0%
Osage
0%
Pike
0%
Pittsylvania
0%
Plaquemines
0%
Randolph
0%
Robeson
0%
Shelby
0%
Streetwater
0%
Texas
0%
Ware
0%
Windsor
0%
Yazoo
0%
Yukon-Koyukuk
0%
No matching quizzes found
Score Distribution
Percent of People with Each Score
Percentile by Number Answered
Your Score History
You have not taken this quiz since the last reset